Economic developments and reforms in cooperation partner countries : the role of the state with particular focus on security and defence issues colloquium 17-19 june 1998

Salvato in:
Dettagli Bibliografici
Altri autori: Weichhardt, Reiner
Natura: Libro
Lingua:inglese
francese
Pubblicazione: Brussels NATO Economics Directorate and Office of Information and Press 1998
Soggetti:
Tags: Aggiungi Tag
Nessun Tag, puoi essere il primo ad aggiungerne!!

MARC

LEADER 00000nam a2200000 4500
001 c110041
005 20240104115014.7
020 |a 92-845-0108-3 
041 0 |a eng 
041 0 |a fre 
044 |a BE 
245 1 0 |a Economic developments and reforms in cooperation partner countries : the role of the state with particular focus on security and defence issues  |b colloquium 17-19 june 1998  |c editor Reiner Weichhardt 
264 1 |a Brussels  |b NATO Economics Directorate and Office of Information and Press  |c 1998 
300 |a 301 s. 
610 2 0 |a rozvoj hospodársky 
610 2 0 |a SVE 
610 2 0 |a Rusko 
610 2 0 |a politika hospodárska 
610 2 0 |a politika priemyselná 
610 2 0 |a NATO 
610 2 0 |a obrana štátu 
610 2 0 |a rozvoj technický 
610 2 0 |a zabezpečenie sociálne 
700 1 |a Weichhardt, Reiner